• 首页
  • 本馆介绍
  • 公告通知
  • 最新文献
  • 馆藏检索
  • 电子资源
  • 读者导购
  • 参考咨询
  • 我的图书馆
  • 登录
  • 详细信息显示
  • 放入我的书架
  • 预约/预借图书
  • 作者相关作品
  • 分类相关作品
  • 丛书相关作品
  • 出版社相关作品

书目信息

  • 表格格式
  • 工作单格式
  • 卡片格式
题名:
电力信息化咨询项目实施与应用分析
    
 
作者: 李强 主编
分册:  
出版信息: 北京   清华大学出版社  2022
页数: 10,371页
开本: 26cm
丛书名:
单 册:
中图分类: F407.61 , F407.6
科图分类:
主题词: 电力工业--企业管理咨询--企业信息化--研究
电子资源:
ISBN: 978-7-302-54859-1
000 01108nam0 2200241 450
001 2332508244
005 20231010090204.88
010    @a978-7-302-54859-1@dCNY79.00
100    @a20200911d2020 em y0chiy50 ea
101 0  @achi
102    @aCN@b110000
105    @aa az 000yy
200 1  @a电力信息化咨询项目实施与应用分析@Adian li xin xi hua zi xun xiang mu shi shi yu ying yong fen xi@f李强主编
210    @a北京@c清华大学出版社@d2022
215    @a10,371页@c图@d26cm
320    @a有书目(第370-371页)
330    @a本书介绍了国内外电力信息化咨询项目工程技术的发展趋势、存在的问题以及我国在改领域的重大政策及发展方向。书中介绍了电力信息化咨询项目工程的基本概念与基本原理,电力信息化咨询项目工程技术领域基本知识及最信息技术知识,电力信息化综合咨询与应用、战略咨询与应用、管理咨询与应用、技术咨询与应用、信息网络平台项目咨询与实施、信息应用软件项目咨询与实施、信息安全项目咨询与实施、管理及应用案例分析。
606 0  @a电力工业@x企业管理咨询@x企业信息化@x研究
690    @aF407.61@v5
690    @aF407.6@v4
701  0 @a李强@Ali qiang@4主编
801  0 @aCN@b安徽时代@c20230923
905    @aBZT@dF407.6@e5
    
    电力信息化咨询项目实施与应用分析/李强主编.-北京:清华大学出版社,2022
    10,371页:图;26cm
    
    
    ISBN 978-7-302-54859-1:CNY79.00
    本书介绍了国内外电力信息化咨询项目工程技术的发展趋势、存在的问题以及我国在改领域的重大政策及发展方向。书中介绍了电力信息化咨询项目工程的基本概念与基本原理,电力信息化咨询项目工程技术领域基本知识及最信息技术知识,电力信息化综合咨询与应用、战略咨询与应用、管理咨询与应用、技术咨询与应用、信息网络平台项目咨询与实施、信息应用软件项目咨询与实施、信息安全项目咨询与实施、管理及应用案例分析。
●
相关链接 在五车中查询图书 在当当中查询图书 在豆瓣中查询图书


正题名:电力信息化咨询项目实施与应用分析     索取号:F407.6/5         预约/预借

序号 登录号 条形码 馆藏地/架位号 状态 备注
1 2000936658   2000936658   第四书库/四6架A面6层2列/ [索取号:F407.6/5] 在馆    
2 2000936659   2000936659   第四书库/四6架A面6层2列/ [索取号:F407.6/5] 在馆    
3 2000936660   2000936660   第四书库/四6架A面6层2列/ [索取号:F407.6/5] 在馆    
4 2000936661   2000936661   第四书库/四6架A面6层2列/ [索取号:F407.6/5] 在馆    
5 2000936662   2000936662   第四书库/四6架A面6层2列/ [索取号:F407.6/5] 在馆    
6 2000936663   2000936663   第四书库/四6架A面6层2列/ [索取号:F407.6/5] 在馆    
山东省滨州职业学院图书馆 欢迎您!
大连网信软件有限公司© 版权所有